000
00307nam a2200121Ia 4500
005
20251222140044.0
008
251222s1900||||xx |||||||||||||| ||spa||
082
_a
100/N53
100
_a
Nicoli Attimis, Francisco
245
0
_a
FilosofĂa
264
_b
Escuela de Periodismo Jaime Bausate y Mesa
942
_c
LIB
999
_c
3372
_d
3372